[Event "Lvov Lion Cup"]
[Site "Lvov"]
[Date "2011.09.01"]
[Round "2"]
[White "Zazuliak, Andriy"]
[Black "Bilsky, Mykola"]
[Result "1-0"]
[WhiteElo "2189"]
[BlackElo "1692"]
[PlyCount "93"]
[EventDate "2011.08.31"]
[EventType "swiss"]
[EventRounds "9"]
[EventCountry "UKR"]
[SourceTitle "CBM 144 Extra"]
[Source "ChessBase"]
[SourceDate "2011.10.28"]
[SourceVersion "1"]
[SourceVersionDate "2011.10.28"]
[SourceQuality "1"]

1. d4 d5 2. c4 e6 3. Nc3 Nf6 4. Bg5 c6 5. e3 Be7 6. Nf3 Nbd7 7. Qc2 0-0 8. a3 a5 9. Bd3 h6 10. Bh4 Re8 11. 0-0 dxc4 12. Bxc4 b5 13. Bd3 Bb7 14. Rfd1 Qb6 15. Rac1 Rac8 16. Qe2 Nd5 17. Nxd5 exd5 18. Bf5 Rcd8 19. Bg3 Bf6 20. Qc2 g6 21. Bd3 Bg7 22. h3 Re6 23. Nd2 a4 24. Nb1 Rde8 25. Nc3 f5 26. Ne2 Qd8 27. Nf4 Rf6 28. h4 Ref8 29. h5 g5 30. Ng6 R8f7 31. Be5 Re6 32. Bxf5 Re8 33. Bxg7 Kxg7 34. Bxd7 Rxd7 35. Ne5 Rd6 36. b3 axb3 37. Qxb3 Qa5 38. e4 Qb6 39. Rc3 Ree6 40. exd5 Rxd5 41. Rf3 Re7 42. Qb1 c5 43. Qf5 Qe6 44. Qf8+ Kh7 45. Ng6 Rd8 46. Qxd8 Bxf3 47. Qh8# 1-0